Statystyki dla Drużyny które tylko raz zagrały na Mistrzostwach Świata

Kliknij tutaj aby rozwiązać quiz!

Ogólne statystyki

  • Ten quiz został rozwiązany 157 razy
  • Średni wynik to 10 z 21

Statystyki odpowiedzi

RokOdpowiedź% Poprawnych
2018Panama
81%
2018Islandia
71%
2010Słowacja
67%
2002Chiny
60%
2014Bośnia i Hercegowina
57%
1986Kanada
57%
1974Haiti
55%
2006Ukraina
53%
1958Walia
52%
1986Irak
50%
1938Kuba
49%
1998Jamajka
47%
1974Demokratyczna Republika Konga/DRK
46%
1938Indonezja
43%
2006Trynidad i Tobago
41%
2006Angola
40%
2006Togo
39%
1970Izrael
38%
1990Zjednoczone Emiraty Arabskie/ZEA
37%
1982Kuwejt
30%
1974Niemiecka Republika Demokratyczna/NRD
26%

Rozkład punktacji

Percentyl według liczby udzielonych odpowiedzi

Procent ludzi z każdym wynikiem

Twoja historia wyników

Nie rozwiązałeś tego quizu